Maharashtra land revenue (Record no. 499189)

000 -LEADER
fixed length control field 00372cam a22001097a 4500
008 - FIXED-LENGTH DATA ELEMENTS--GENERAL INFORMATION
fixed length control field 180718b1971 xxu||||| |||| 00| 0 eng d
082 ## - DEWEY DECIMAL CLASSIFICATION NUMBER
Classification number Y1501x5442 M278/1983
245 ## - TITLE STATEMENT
Title Maharashtra land revenue
Statement of responsibility, etc. by Revenue and forests Department, Maharashtra
260 ## - PUBLICATION, DISTRIBUTION, ETC.
Place of publication, distribution, etc.
Name of publisher, distributor, etc. Revenue and forests Department
Date of publication, distribution, etc. 1971
300 ## - PHYSICAL DESCRIPTION
Extent 87+p.
700 ## - ADDED ENTRY--PERSONAL NAME
Personal name Maharashtra. Revenue and forests Department
Holdings
Withdrawn status Lost status Damaged status Not for loan Permanent Location Current Location Date acquired Full call number Barcode Date last seen Price effective from Koha item type
        Indian Institute of Public Administration Indian Institute of Public Administration 2018-08-04 Y1501x5442 M278/1983 G16551 2018-08-04 2018-08-04 G

Powered by Koha